000 00542nam a22001817a 4500
005 20231117141524.0
008 231117b |||||||| |||| 00| 0 eng d
020 _a040911524 X
041 _aEnglish
082 _a343.4 STE
100 _aStein, ML
_lEnglish
245 _aEstate Duty Principles and Planning /
_cML Stein
250 _aThird Edition
260 _aDurban :
_bLexisNexis Butterworth,
_c2004
300 _bxxii, 241 pages ;
_c25,5 cm.
650 _aLegal practice
_bLaw
942 _cBK
_6ALISON_BN_VRIES
999 _c775
_d775